000 00850nam a2200265 4500
003 OSt
005 20260601193853.0
008 260417b1990 xxua|||| |||| 00| 0 eng d
020 _a0866361235
040 _aICI
_besp
_cICI
041 _aeng
_gesp
050 _aNA2542.35
_bC67
100 1 _aCottom-Winslow Margaret
_932632
245 1 _aEnvironmental design :
_bThe best of architecture & technology /
_cMargaret Cottom-Winslow
260 _aGlen cove, new york
_bPbc international
_c1990
264 _bPbc international
_c1990
_aGlen cove, new york
300 _a252 páginas
336 _atexto
_2rdacontent
337 _asin medio
_2rdamedia
338 _avolumen
_2rdacarrier
650 _aArquitectura
_xAspectos ambientales
650 _aArquitectura
_xFactores humanos
_93247
650 _aArquitectura moderna
_ySiglo XX
942 _2ddc
_cB
999 _c21939
_d21939